Cálculo integral: para cursos con enfoque por competencias

Bibliographic Details
Main Author: Morales Álvarez, Felícitas
Format: Section = Libro
Language:Undetermined
Spanish
Published: México Pearson 2014
Subjects:
LEADER 00640nam a2200229Ia 4500
008 240830s9999 xx 000 0 und d
020 |a 978-607-32-2242-6 
040 |a B-ESTELÍ- RUACS / 515.43 M828 
041 |a spa 
082 |a 515.43 M828 
100 1 |a Morales Álvarez, Felícitas 
245 1 0 |a Cálculo integral: para cursos con enfoque por competencias 
260 |a México  |b Pearson  |c 2014 
300 |a 272 p. 
650 7 |a CALCULO INTEGRAL 
650 7 |b  TEOREMAS - CALCULO 
650 7 |c  COMPETENCIAS 
650 7 |d  PROBLEMAS - EJERCICIOS 
650 7 |e  ANALISIS MATEMATICO 
942 |c BK  |2 ddc 
991 |a TEXTO 
999 |c 10955